Tuyển tập thơ Nguyễn Duy
Đã lưu trong:
| 主要作者: | |
|---|---|
| 格式: | 圖書 |
| 語言: | Vietnamese |
| 主題: | |
| 標簽: |
添加標簽
沒有標簽, 成為第一個標記此記錄!
|
| Thư viện lưu trữ: | Trung tâm Học liệu Lê Vũ Hùng, Trường Đại học Đồng Tháp |
|---|
| LEADER | 00609pam a22002178a 4500 | ||
|---|---|---|---|
| 001 | 00026722 | ||
| 005 | 20171026081025.0 | ||
| 008 | 110817s ||||||viesd | ||
| 041 | 0 | # | |a vie |
| 082 | 1 | 4 | |a 895.922 134 |b T527T |
| 100 | 1 | # | |a Nguyễn Duy |
| 245 | 1 | 0 | |a Tuyển tập thơ Nguyễn Duy |
| 300 | # | # | |a 320 tr. |c 20 cm. |
| 650 | # | 4 | |a Thơ |
| 650 | # | 4 | |a Văn học hiện đại |
| 650 | # | 4 | |a Việt Nam |
| 852 | # | # | |b Kho đọc |j KD.0001683 |
| 852 | # | # | |j KD.0001683 |
| 910 | |d 17/08/2011 | ||
| 980 | # | # | |a Trung tâm Học liệu Lê Vũ Hùng, Trường Đại học Đồng Tháp |